महाप्रभु चैतन्य सम्प्रदायः साधना और साहित्य / (Record no. 29067)

MARC details
000 -LEADER
fixed length control field 01269nam a22002537a 4500
005 - DATE AND TIME OF LATEST TRANSACTION
control field 20090810133343.0
008 - FIXED-LENGTH DATA ELEMENTS--GENERAL INFORMATION
fixed length control field 090807t xxu||||| |||| 00| 0 hin d
010 ## - LCCN (DPL NO)
LC control number HIN-87672
020 ## - INTERNATIONAL STANDARD BOOK NUMBER
International Standard Book Number 9788177111804
Terms of availability 175.00
035 ## - SYSTEM CONTROL NUMBER
System control number HN-60018
037 ## - SOURCE OF ACQUISITION
Source of stock number/acquisition DBAD / PUB
040 ## - CATALOGING SOURCE
Original cataloging agency dpl
Language of cataloging hn
082 ## - DEWEY DECIMAL CLASSIFICATION NUMBER
Classification number 230.4
100 ## - MAIN ENTRY--PERSONAL NAME
Personal name मिश्र, रतनलाल
245 ## - TITLE STATEMENT
Title महाप्रभु चैतन्य सम्प्रदायः साधना और साहित्य /
Statement of responsibility, etc रतनलाल मिश्र
246 ## - VARYING FORM OF TITLE
Remainder of title by Ratanlal Mishra
Title proper/short title Mahaprabhu Chaitanya sampraday : sadhna aur sahitya
260 ## - PUBLICATION, DISTRIBUTION, ETC. (IMPRINT)
Place of publication, distribution, etc जयपुर
Name of publisher, distributor, etc साहित्यागार
Date of publication, distribution, etc 2009
270 ## - ADDRESS
Address धामाणी मार्केट की गली, चौड़ा रास्ता
City जयपुर
Postal code 302003
300 ## - PHYSICAL DESCRIPTION
Extent 135पृ.
Dimensions 22सेमी (सजिल्द)
650 ## - SUBJECT ADDED ENTRY--TOPICAL TERM
Topical term or geographic name as entry element भक्ति धर्मशास्त्र
650 ## - SUBJECT ADDED ENTRY--TOPICAL TERM
Topical term or geographic name as entry element Devotional theology
942 ## - ADDED ENTRY ELEMENTS (KOHA)
Source of classification or shelving scheme Dewey Decimal Classification
Item type Hindi Books
Call number suffix मिश्रर
Classification part 230.4
Holdings
Withdrawn status Lost status Source of classification or shelving scheme Damaged status Not for loan Home library Current library Date acquired Source of acquisition Cost, normal purchase price Total Checkouts Full call number Barcode Date last seen Copy number Cost, replacement price Koha item type
    Dewey Decimal Classification   Not For Loan D.B.Act.Division D.B.Act.Division 10/08/2009 DBAD / PUB 175.00   230.4 मिश्रर HN-60018 10/08/2009 1 175.00 Hindi Books

© Delhi Public Library
Hit Counter
free hit counter